Técnica de organización de comunidad

Saved in:
Bibliografiske detaljer
Hovedforfatter: Garrido C., Carmen (autora)
Format: Bog
Sprog:spansk
Udgivet: Santiago, Chile Universitaria 1960
Fag:
Tags: Tilføj Tag
Ingen Tags, Vær først til at tagge denne postø!

MARC

LEADER 00000nam a2200000 a 4500
001 UCY7252
003 CL-VaPUC
005 20210616001427.0
008 950609e19600000CL |||||||||||||||||spa|d
999 |c 234669  |d 234667 
040 |c Pontificia Universidad Católica de Valparaíso 
082 0 4 |a 307.1 GAR 1960  |2 21 
100 0 |a Garrido C., Carmen  |e autora  |9 337625 
245 1 0 |a Técnica de organización de comunidad 
260 0 3 |a Santiago, Chile  |b Universitaria  |c 1960 
300 |a 67 páginas 
583 |a last modification  |c 19950609 00:00:00  |k Rodrigo Vera 
650 0 |a Comunidades  |9 337024 
650 0 |a Trabajo social   |9 307856 
650 0 |a Acción comunitaria  |9 337628 
650 0 |a Desarrollo de la comunidad  |2 CL-VaPUC  |9 267505 
942 |c BK  |2 ddc 
945 |d 19950609 00:00:00  |a mfernand